000 00554 a2200145 4500
003 Nust
005 20170207154010.0
040 _cNust
082 _a005.8
245 _aComputer, Internet and Network Systems Security (E-BOOK)
_cS.K.PARMAR,
300 _a325 p
505 _aIntroduction 2 Security 16 Identification And Authentication 92 Risk Analysis. 108 Firewalls 130 Cryptography 167 Malicious Code 182 Virtual Private Networks: Introduction 202 Windows Nt Network Security 215 Unix Incident Guide 234
650 _aComputer security
651 _aE-BOOK
942 _2ddc
_cBK
999 _c191158
_d191158